000 00505nam a2200193Ia 4500
003 GCL
008 140319s9999 xx 000 0 eng d
020 _a1857432177
040 _aGCL /
_cGCL
082 0 4 _aREF
_b920.7
_bE I
245 1 0 _aTHE INTERNATIONAL WHO'S WHO 2004
250 _a67
260 _aانجلترا :
_bEUROPA PUBLICATIONS LIMITED ،
_c2004
300 _a24 CM ؛
_c1888 P
650 0 4 _aBIOGRAPHY
650 0 4 _aWOMEN - BIOGRAPHIES
650 0 4 _aMEN - BIOGRAPHIES
942 _2ddc
_cREF
999 _c5880
_d5880